Países de Fronteira Dupla - Statistics

Estatísticas Gerais
  • Esse quiz foi jogado 5 908 vezes
  • A pontuação média é 19 de 27
Estatísticas das Respostas
Fronteiras País % Correto
Canadá & México Estados Unidos
96%
Colômbia & Peru Equador
90%
China & Rússia Mongólia
86%
China & Índia Nepal
86%
Finlândia & Noruega Suécia
83%
Nicarágua & Panamá Costa Rica
81%
Guatemala & Honduras El Salvador
81%
Argentina & Brasil Uruguai
80%
Espanha & França Andorra
79%
Colômbia & Costa Rica Panamá
79%
China & Índia Butão
78%
Letônia & Rússia Estônia
78%
Guatemala & México Belize
76%
Alemanha & Bélgica Países Baixos
75%
Índia & Myanmar Bangladesh
74%
Costa Rica & Honduras Nicarágua
72%
Árabia Saudita & Omã Iêmen
71%
Israel & Síria Líbano
68%
Árabia Saudita & Omã Emirados Árabes Unidos
62%
Áustria & Suíça Liechtenstein
62%
Argélia & Líbia Tunísia
60%
Romênia & Ucrânia Moldávia
59%
África do Sul & Moçambique Essuatíni
58%
Arábia Saudita & Iraque Kuwait
56%
Camarões & Gabão Guiné Equatorial
52%
Guiné & Senegal Guiné-Bissau
50%
Guiné & Libéria Serra Leoa
49%
Nenhum quiz correspondente encontrado
Distribuição das Pontuações
Porcentagem de Pessoas com Cada Pontuação
Percentil de Números Respondidos
Sua Pontuação Histórica
Você não jogou esse quiz